[Event "Havana Giraldilla op"]
[Site "Havana"]
[Date "2024.08.16"]
[Round "8"]
[White "Guillen Napoles, Jorge Felipe"]
[Black "Hernandez Portillo, Victor Manuel"]
[Result "1-0"]
[WhiteElo "1983"]
[BlackElo "1724"]
[PlyCount "59"]
[EventDate "2024.08.12"]
[EventType "swiss"]
[EventRounds "9"]
[EventCountry "CUB"]
[SourceTitle "CBM 221 Extra"]
[Source "ChessBase"]
[SourceDate "2024.09.30"]
[SourceVersion "1"]
[SourceVersionDate "2024.09.30"]
[SourceQuality "1"]

1. d4 d5 2. Nf3 Bf5 3. c4 c6 4. Nc3 e6 5. g3 Nf6 6. Bg5 Nbd7 7. Nh4 Bg6 8. Nxg6 hxg6 9. h4 Qc7 10. Rc1 Bb4 11. Bg2 Qb8 12. c5 Ba5 13. a3 Bc7 14. b4 0-0 15. e4 dxe4 16. Nxe4 Nxe4 17. Bxe4 f5 18. Bd3 Qe8 19. Bc4 Nf6 20. Qe2 Nd5 21. Kd2 e5 22. Rce1 e4 23. h5 gxh5 24. Rxh5 Qg6 25. Reh1 b5 26. Bxd5+ cxd5 27. Qxb5 Qe6 28. Qb7 Qd7 29. c6 Qc8 30. Rh8+ 1-0

[Event "Havana Giraldilla op"]
[Site "Havana"]
[Date "2024.08.15"]
[Round "7"]
[White "Leonard Izahin, Adaina"]
[Black "Hernandez Portillo, Victor Manuel"]
[Result "0-1"]
[WhiteElo "1635"]
[BlackElo "1724"]
[PlyCount "172"]
[EventDate "2024.08.12"]
[EventType "swiss"]
[EventRounds "9"]
[EventCountry "CUB"]
[SourceTitle "CBM 221 Extra"]
[Source "ChessBase"]
[SourceDate "2024.09.30"]
[SourceVersion "1"]
[SourceVersionDate "2024.09.30"]
[SourceQuality "1"]

1. e4 c5 2. d4 cxd4 3. c3 dxc3 4. Nxc3 Nc6 5. Nf3 e6 6. Bc4 a6 7. a4 Nge7 8. 0-0 Ng6 9. Qe2 Be7 10. Rd1 0-0 11. Be3 Bf6 12. Bc5 Re8 13. Qe3 Nge5 14. Ba2 Nxf3+ 15. Qxf3 Be5 16. Qe3 Qf6 17. g3 Rd8 18. Bb6 Re8 19. f4 Bxc3 20. bxc3 e5 21. Rf1 Qe7 22. fxe5 Nxe5 23. Bd4 Rf8 24. Bxe5 Qxe5 25. Rf5 Qe7 26. Raf1 d5 27. Rxd5 Be6 28. Rd2 Bxa2 29. Rxa2 Rfe8 30. Rb2 f6 31. Rd1 Rac8 32. Rd4 Rc7 33. Qd2 Rec8 34. c4 Rxc4 35. Rxc4 Rxc4 36. Qd5+ Qf7 37. Rxb7 Qxd5 38. exd5 Rd4 39. Rb6 Rxa4 40. d6 Kf7 41. Rb7+ Kg6 42. d7 Rd4 43. Ra7 Rd6 44. Rxa6 Rxd7 45. Ra5 Re7 46. Kf2 Re5 47. Ra4 f5 48. Ra6+ Kf7 49. Ra7+ Kf6 50. Ra6+ Re6 51. Ra7 Re7 52. Ra5 Kg5 53. Kf3 Rd7 54. h4+ Kf6 55. Ra6+ Ke7 56. Kf4 Rd5 57. Ra7+ Kf6 58. Ra6+ Ke7 59. Ra7+ Kf6 60. Ra6+ Kf7 61. Ra7+ Kf8 62. Ra8+ Ke7 63. Ra7+ Rd7 64. Ra6 g6 65. Ke5 Rb7 66. Re6+ Kf7 67. Rf6+ Kg7 68. Ra6 Rb4 69. Ra3 Re4+ 70. Kd5 Kh6 71. Rd3 Kh5 72. Ra3 Kg4 73. Rd3 Kh3 74. Rf3 Rg4 75. h5 Rxg3 76. Rf4 Rg4 77. Rf1 Kg2 78. Ra1 Re4 79. hxg6 hxg6 80. Ra6 Rg4 81. Ke5 f4 82. Ke4 f3+ 83. Ke3 f2 84. Ra2 Rg3+ 85. Kf4 g5+ 86. Kf5 Kg1 0-1

[Event "Havana Giraldilla op"]
[Site "Havana"]
[Date "2024.08.13"]
[Round "3"]
[White "Medina Rodriguez, Yosnel Alejandr"]
[Black "Hernandez Portillo, Victor Manuel"]
[Result "1/2-1/2"]
[WhiteElo "1614"]
[BlackElo "1724"]
[PlyCount "90"]
[EventDate "2024.08.12"]
[EventType "swiss"]
[EventRounds "9"]
[EventCountry "CUB"]
[SourceTitle "CBM 221 Extra"]
[Source "ChessBase"]
[SourceDate "2024.09.30"]
[SourceVersion "1"]
[SourceVersionDate "2024.09.30"]
[SourceQuality "1"]

1. d4 d5 2. Nf3 Bf5 3. e3 Nf6 4. Bd3 Bg6 5. Bxg6 hxg6 6. Qd3 c6 7. Nbd2 e6 8. e4 dxe4 9. Nxe4 Be7 10. Bf4 Nxe4 11. Qxe4 Qd5 12. Qxd5 cxd5 13. Kd2 Nc6 14. Rhe1 Bf6 15. c3 Kd7 16. h3 Rh5 17. Ne5+ Nxe5 18. Bxe5 Bxe5 19. Rxe5 f6 20. Rxh5 gxh5 21. Re1 Kd6 22. f4 Rh8 23. Re3 h4 24. Ke2 Rh6 25. Kf2 Rg6 26. g3 hxg3+ 27. Rxg3 Rxg3 28. Kxg3 Ke7 29. Kg4 g6 30. h4 Kf7 31. b3 b5 32. Kg3 Kg7 33. Kf3 Kh6 34. Kg4 Kg7 35. Kf3 Kh7 36. Kg3 Kg7 37. Kf3 Kf7 38. Kg4 Kg8 39. Kf3 Kf7 40. Kg4 a5 41. a4 bxa4 42. bxa4 Kf8 43. Kf3 Ke7 44. Kg4 Kd6 45. Kf3 Ke7 1/2-1/2